00615nam a2200157Ia 4500999001300000020001800013082001900031245010300050260005900153300001000212504001900222650004600241650004300287942000700330952012000337 c851d851 a0-88936-084-7 aRR 025.04 DEV- 0aDevsis: the preliminary design of an international information system for the development sciences aOttawabInternational Development Research Centrc1976 a247p. aIncludes index aInformation storage and retrieval systems aDevis (International retrieval system) cBK 00104070aNASSDOCbNASSDOCd2004-06-08i2004-10-22l0oRR 025.04 DEV-p26349r2019-04-18 00:00:00w2019-04-18yBK